000 00435nam a2200169Ia 4500
008 230917s9999||||xx |||||||||||||| ||und||
020 _cRS7500
040 _e228158
_aMAIN
041 _aEnglish
082 _a709.54 S23R
100 _aSharma, D P
245 0 _aRoots of south Asian art
260 _aNew Delhi
_bB R Publications
_c2012
300 _av p.
500 _a2107 08/09/2015 KB15/118 11/09/2015 Main Budget
942 _cBK
999 _c15946
_d15946